| 000 | 00000nam##2200000za#4500 |
| 001 | 9.580911 |
| 003 | CaOODSP |
| 005 | 20210624191252 |
| 007 | cr ||||||||||| |
| 008 | 150406|2014||||xxc|||||o f|0| 0 eng|d |
| 020 | |a978-1-100-25176-9 |
| 040 | |aCaOODSP|beng |
| 043 | |an-cn--- |
| 086 | 1 |aIu172-1/2014-4E-PDF |
| 110 | 1 |aCanada. |bIndustry Canada. |
| 245 | 10|aAre small or large producers driving the Canada-U.S. labour productivity gap? : |h[electronic resource]|brecent evidence from manufacturing / |c[by] Jianmin Tang. |
| 260 | |aOttawa - Ontario : |bIndustry Canada |cc2014. |
| 300 | |a24p.|bgraphs, references, tables |
| 490 | 1 |aEconomic Research and Policy Analysis Branch working paper series|v2014-04 |
| 590 | |a15-11|b2015-03-13 |
| 775 | 08|tL'écart de productivité du travail entre le Canada et les États-Unis est-il creusé surtout par les petits fabricants ou par les grands? : |w(CaOODSP)9.607832 |
| 830 | #0|aEconomic Research and Policy Analysis Branch working paper series ;|v2014-04|w(CaOODSP)9.507626 |
| 856 | 40|ahttp://publications.gc.ca|qPDF|s1454 KB|uhttps://publications.gc.ca/collections/collection_2015/ic/Iu172-1-2014-4-eng.pdf|y2014-04 |